| Поле | Инд. | ПП | Название | Значение |
|---|---|---|---|---|
| Тип записи | a | |||
| Библиографический уровень | m | |||
| 001 | Контрольный номер | 8ddfbd57-489f-45dd-b66e-b4874dc0e2e8 | ||
| 005 | Дата корректировки | 20211122153319.4 | ||
| 008 | Кодируемые данные | 010103 d | ||
| 020 | a | ISBN | 5-8360-0178-2 | |
| c | Цена, тираж | 95.00 | ||
| 040 | a | Служба первич. каталог. | НБ ТвГУ | |
| 041 | 0_ | a | Код языка текста | rus |
| 080 | a | Индекс УДК | 801(091) | |
| 084 | a | Индекс другой классификации/Индекс ББК | Ш1 | |
| a | Индекс другой классификации/Индекс ББК | Ш1г(0) | ||
| 090 | x | Авторский знак | З-43 | |
| a | Полочн. индекс | Ш1 | ||
| 100 | 1_ | a | Автор | Звегинцев Владимир Андреевич |
| 245 | 00 | a | Заглавие | Язык и лингвистическая теория |
| c | Ответственность | В. А. Звегинцев | ||
| 250 | a | Основные сведения об издании | 2-е изд., стер. | |
| 260 | 0_ | a | Место издания | Москва |
| b | Издательство | Эдиториал УРСС | ||
| c | Дата издания | 2001 | ||
| 300 | a | Объем | 246,[1] с. | |
| 583 | a | Действие | Получение впервые 456 22.12.2000 | |
| k | Исполнитель действия | ООО "Ваш выбор" | ||
| 650 | 04 | a | Основная рубрика | Языкознание |
| x | Основная подрубрика | Теория | ||
| 650 | 04 | a | Основная рубрика | Лингвистические учения |
| x | Основная подрубрика | История | ||
| 653 | 0_ | a | Ключевые слова | Языкознание |
| a | Ключевые слова | Общее языкознание | ||
| a | Ключевые слова | История языкознания | ||
| a | Ключевые слова | Лингвистические учения | ||
| a | Ключевые слова | История лингвистических учений | ||
| a | Ключевые слова | Лингвистическая теория | ||
| 852 | 41 | t | Порядковый номер экземпляра | 1 |
| p | Инвентарный номер | 730684 | ||
| 888 | a | За наличные | ||
| 901 | t | Тип документа | m | |
| 952 | p | 456.2000 95.00 1 730684 | ||
| c | Вид литературы | К рн | ||
| 954 | a | Дата поступления на обработку | 20001229 | |
| 999 | a | Подразделение 2 | ч.з. |